| 000 | 00598nam a2200229Ia 4500 | ||
|---|---|---|---|
| 003 | OSt | ||
| 005 | 20221005125943.0 | ||
| 006 | a|||||r|||| 00| 0 | ||
| 007 | ta | ||
| 008 | 221004b |||||||| |||| 00| 0 eng d | ||
| 024 | _a52664 | ||
| 037 | _cTextual | ||
| 040 |
_aCRL _cCRL _beng |
||
| 041 |
_2eng _aeng |
||
| 082 | _aQ7;33, K81 | ||
| 100 |
_aMohammed Mian Syed _9637382 |
||
| 245 | 0 |
_aProphet of Islam _b Life and teachings tr by S H Suharwardy |
|
| 260 | _c1968 | ||
| 650 | _aRELIGION | ||
| 942 |
_hQ7;33, K81 _cTEXL _2cc |
||
| 999 |
_c1055613 _d1055613 |
||